000 00828nam a22002297a 4500
005 20100731134728.0
010 _aENG-97494
020 _a9788184351026
_c650.00
035 _aEN-81027
037 _bDBAD/PUB
082 _a305.9080954
100 _aBarik, S
_93835
245 _aDisabled in India /
_cby S. Barik
260 _aNew Delhi
_bAdhyayan Publishers and Distributors
_c2009
270 _a4378/4B, 105, J. M. D. House, Murari Lal Street Ansari Road, Darya Ganj
_bNew Delhi
_e110002
300 _av, 223p.
_c22cm (Hb)
500 _aIncludes index
650 _aIndia
650 _aPeople with disability
_93836
942 _2ddc
_cEN
_h305.9080954
_mBAR
999 _c38405
_d38405